Texas international law journal

Detalles Bibliográficos
Título anterior:Texas international law forum.
Formato: Desconocido
Lenguaje:inglés
Publicado: Austin, Tex. : University of Texas School of Law
Materias:
Acceso en línea:Acceso restringido

MARC

LEADER 00000ny a22000003n 4500
005 20110512143536.0
006 s r p s 0 a0
007 cr cnu---m|a|a
008 751101c19719999txutr1p g o0 0eng c
010 |a 72615488   |a sn 78006896 
016 7 |a 100973110  |2 DNLM 
022 0 |a 0163-7479 
035 |a 4051 
040 |a EbpS  |d vLex 
082 0 |a 341/.05  |2 19 
090 |c 1806  |d 1806 
245 0 0 |a Texas international law journal  |h [Recurso electrn̤ico] 
256 |a Servicio en ln̕ea 
260 |a Austin, Tex. :  |b University of Texas School of Law 
310 |a Cuatrimestral. 
321 |a Otras periodicidades. 
506 1 |a Contenido solo disponible en los productos indicados  |d vLex Global  |d vLex Global (Academic Edition, excluding Law Schools)  |d vLex Global (U.S. Academic Edition, excluding Law Schools) 
650 0 4 |a Derecho internacional  |x Publicaciones perid̤icas 
740 0 |a vLex Revista (Servicios en ln̕ea) 
780 0 0 |t Texas international law forum. 
843 |a Electrn̤ica. Abierta 
853 |8 1  |i (year)  |j (month)  |k (day) 
856 4 0 |u http://vlex.com/source/4051  |z Acceso restringido 
942 |c REV 
999 0 |a International law  |v Periodicals. 
999 0 |a International law  |z United States  |v Periodicals. 
999 0 |a Derecho internacional  |v En ln̕ea.